MAASAI MARA UNIVERSITY

LIBRARY CATALOGUE

Contact Us: +254 020 2685356/7 or 0774 057787

Box: 861-20500, NAROK, KENYA

Email: info@mmarau.ac.ke

_Keys to success How to achieve your goals(2nd ed) Carol Carter (Record no. 13084)

MARC details
000 -LEADER
fixed length control field 00496nam a2200169Ia 4500
008 - FIXED-LENGTH DATA ELEMENTS--GENERAL INFORMATION
fixed length control field 151021s9999 xx 000 0 und d
020 ## - INTERNATIONAL STANDARD BOOK NUMBER
International Standard Book Number 138610894
050 ## - LIBRARY OF CONGRESS CALL NUMBER
Classification number LB 2343.32.C37 1998
245 ## - TITLE STATEMENT
Title _Keys to success How to achieve your goals(2nd ed) Carol Carter
260 ## - PUBLICATION, DISTRIBUTION, ETC. (IMPRINT)
Place of publication, distribution, etc. New Jersey Prentice 1998
300 ## - PHYSICAL DESCRIPTION
Extent xxix425,(l-8)p.;ill
500 ## - GENERAL NOTE
General note Includes index.
500 ## - GENERAL NOTE
General note Includes index.
650 ## - SUBJECT ADDED ENTRY--TOPICAL TERM
Topical term or geographic name as entry element _Success
700 ## - ADDED ENTRY--PERSONAL NAME
Personal name _Joyce Bishop
980 ## - EQUIVALENCE OR CROSS-REFERENCE-SERIES STATEMENT--PERSONAL NAME/TITLE [LOCAL, CANADA]
Personal name ^d20130507 01:09:50^oanne

No items available.

© 2016 Maasai Mara University.